[Event "CTO DE ESPAÑA DE SELECCIONES AUTONÓMICAS"]
[Site "Hotel La Boroña, Gijón (Asturi"]
[Date "2011.05.01"]
[Round "5.3"]
[White "Santos Latasa, Jaime"]
[Black "Suarez Real, Alberto"]
[Result "1/2-1/2"]
[WhiteElo "2227"]
[BlackElo "2386"]
[PlyCount "93"]
[EventDate "2011.04.29"]

1. d4 Nf6 2. c4 g6 3. Nc3 Bg7 4. e4 d6 5. Be2 O-O 6. Nf3 e5 7. O-O Nc6 8. d5
Ne7 9. Ne1 Nd7 10. Be3 f5 11. f3 f4 12. Bf2 g5 13. Rc1 Ng6 14. Nb5 b6 15. b4 a6
16. Nc3 Nf6 17. c5 bxc5 18. bxc5 Bd7 19. Nd3 h5 20. cxd6 cxd6 21. Nb4 g4 22.
Nc6 Qe8 23. Na4 g3 24. hxg3 fxg3 25. Bxg3 Bh6 26. Nb6 h4 27. Bf2 Bxc1 28. Qxc1
Nf4 29. Bc4 Qf7 30. Bxh4 Qg7 31. Qc2 Rae8 32. Nxd7 Nxd7 33. Bxa6 Kf7 34. Rb1
Rh8 35. Rb7 Kf8 36. Be7+ Rxe7 37. Nxe7 Kxe7 38. Bb5 Rd8 39. Bxd7 Rxd7 40. Rxd7+
Kxd7 41. Qc6+ Kd8 42. Qxd6+ Kc8 43. Qc6+ Kb8 44. Qb6+ Ka8 45. Qa6+ Kb8 46. Qb6+
Ka8 47. Qa6+ 1/2-1/2

[Event "CTO DE ESPAÑA DE SELECCIONES AUTONÓMICAS"]
[Site "Hotel La Boroña, Gijón (Asturi"]
[Date "2011.05.01"]
[Round "5.4"]
[White "Alvarez Fernandez, Enrique"]
[Black "Alonso Gorrin, Javier"]
[Result "1-0"]
[WhiteElo "2374"]
[BlackElo "1934"]
[PlyCount "77"]
[EventDate "2011.04.29"]

1. d4 d6 2. Nf3 g6 3. Bf4 Bg7 4. e3 Nf6 5. h3 O-O 6. Be2 Nbd7 7. O-O c6 8. c4
Re8 9. Nc3 e5 10. dxe5 dxe5 11. Nxe5 Qe7 12. Nxd7 Nxd7 13. Rc1 Ne5 14. Ne4 Rd8
15. Qb3 Bf5 16. Ng3 Be6 17. Qc2 c5 18. Bxe5 Bxe5 19. f4 Bg7 20. Bf3 Rab8 21. b3
b6 22. Rcd1 f5 23. Rxd8+ Rxd8 24. Rd1 Re8 25. Qd3 Qh4 26. Nf1 Qf6 27. Bc6 Re7
28. Bd5 g5 29. Bxe6+ Rxe6 30. Qd8+ Qxd8 31. Rxd8+ Kf7 32. Rd7+ Kg6 33. g3 gxf4
34. gxf4 a5 35. a4 h5 36. Kf2 Kh6 37. Ng3 Rf6 38. Rxg7 Kxg7 39. Nxh5+ 1-0

[Event "CTO DE ESPAÑA DE SELECCIONES AUTONÓMICAS"]
[Site "Hotel La Boroña, Gijón (Asturi"]
[Date "2011.05.01"]
[Round "5.5"]
[White "Reno Chanca, Javier"]
[Black "Suarez Garcia, Carlos"]
[Result "0-1"]
[WhiteElo "1846"]
[BlackElo "2177"]
[PlyCount "64"]
[EventDate "2011.04.29"]

1. d4 Nf6 2. e3 c5 3. c3 d5 4. f4 Bf5 5. Nf3 e6 6. Be2 Nbd7 7. Nbd2 h6 8. Ne5
Bd6 9. Ndf3 O-O 10. h3 Ne4 11. g4 Bh7 12. h4 f6 13. Nd3 Ng3 14. Rg1 Nxe2 15.
Qxe2 e5 16. dxc5 Bc7 17. f5 e4 18. Nd4 exd3 19. Qxd3 Nxc5 20. Qb5 Bd6 21. b4 a6
22. Qe2 Ne4 23. Bb2 Bg3+ 24. Rxg3 Nxg3 25. Qf3 Qd6 26. Ne6 Rfe8 27. Rd1 Rxe6
28. fxe6 Ne4 29. a3 Qxe6 30. Qe2 Qe5 31. c4 Qg3+ 32. Kf1 Qc7 0-1

[Event "CTO DE ESPAÑA DE SELECCIONES AUTONÓMICAS"]
[Site "Hotel La Boroña, Gijón (Asturi"]
[Date "2011.05.01"]
[Round "5.6"]
[White "Suarez Calvo, Alesandra"]
[Black "Juanes Garcia, Olaya"]
[Result "1-0"]
[WhiteElo "2006"]
[BlackElo "1671"]
[PlyCount "87"]
[EventDate "2011.04.29"]

1. e4 e6 2. d4 d5 3. e5 c5 4. dxc5 Bxc5 5. Nf3 Qb6 6. Qd2 Nc6 7. Bd3 Nge7 8.
O-O Ng6 9. Qe2 a6 10. Nc3 Qc7 11. Re1 b5 12. a3 Bb7 13. h4 Nd4 14. Nxd4 Bxd4
15. Bxb5+ axb5 16. Nxb5 Qxe5 17. Nxd4 Qxe2 18. Rxe2 Nxh4 19. a4 Ba6 20. Re3 O-O
21. b4 Ng6 22. b5 e5 23. Nb3 d4 24. Re1 Bxb5 25. axb5 Rxa1 26. Nxa1 Rb8 27. Nb3
f6 28. Ba3 Rxb5 29. Nc5 Nf4 30. g3 Nd5 31. Ne4 Ra5 32. Bb2 Ra2 33. Rb1 Nb4 34.
Nd6 h6 35. Bxd4 Nxc2 36. Bc3 Kh7 37. Rb7 Ra3 38. Bb2 Ra4 39. Ne8 Ra6 40. Rxg7+
Kh8 41. Rg6 Kh7 42. Rxf6 Rxf6 43. Nxf6+ Kg6 44. Bxe5 1-0

[Event "CTO DE ESPAÑA DE SELECCIONES AUTONÓMICAS"]
[Site "Hotel La Boroña, Gijón (Asturi"]
[Date "2011.05.01"]
[Round "5.1"]
[White "Franco Alonso, Alejandro"]
[Black "Saenz Narciso, Miguel Angel"]
[Result "1-0"]
[WhiteElo "2489"]
[BlackElo "2226"]
[PlyCount "105"]
[EventDate "2011.04.29"]

1. Nf3 Nf6 2. c4 g6 3. Nc3 c5 4. e4 Nc6 5. d4 cxd4 6. Nxd4 Nxd4 7. Qxd4 d6 8.
Be2 Bg7 9. Bg5 O-O 10. Qd2 Be6 11. Rc1 Qa5 12. f3 Rfc8 13. b3 a6 14. Na4 Qxd2+
15. Kxd2 h6 16. Be3 Nd7 17. g4 f5 18. exf5 gxf5 19. g5 hxg5 20. Bxg5 Kf7 21. f4
Rh8 22. h4 Nf6 23. Bf3 Ne4+ 24. Bxe4 fxe4 25. Nb6 Rae8 26. Ke3 Bf5 27. Rh2 e5
28. fxe5 Bxe5 29. Rf2 Ke6 30. Nd5 Ref8 31. Rcf1 Bg3 32. Nc7+ Ke5 33. Bf4+ Bxf4+
34. Rxf4 Rhg8 35. Nd5 Rg3+ 36. Kd2 Rg2+ 37. Ke3 Rg3+ 38. Kd2 Rg2+ 39. Kc1 Rxa2
40. Kb1 Re2 41. Ne7 Re1+ 42. Rxe1 Kxf4 43. Ng6+ Bxg6 44. Rf1+ Ke3 45. Rxf8 Kd2
46. Rf6 Bh7 47. Rxd6+ Ke1 48. Rd7 Bf5 49. Rxb7 Kd2 50. Rf7 Bg6 51. Rd7+ Kc3 52.
Kc1 e3 53. Re7 1-0

[Event "CTO DE ESPAÑA DE SELECCIONES AUTONÓMICAS"]
[Site "Hotel La Boroña, Gijón (Asturi"]
[Date "2011.05.01"]
[Round "5.3"]
[White "Alonso Arburu, Juan Ignacio"]
[Black "Arnedo Ruiz, Alberto"]
[Result "1/2-1/2"]
[WhiteElo "2367"]
[BlackElo "2019"]
[PlyCount "91"]
[EventDate "2011.04.29"]

1. e4 c6 2. d4 d5 3. f3 e6 4. Nc3 Bb4 5. Nge2 Ne7 6. a3 Bxc3+ 7. Nxc3 b6 8. Bg5
O-O 9. Qd2 f6 10. Be3 a5 11. Rd1 Ra7 12. Be2 Ba6 13. O-O Bxe2 14. Qxe2 Nc8 15.
Bf4 Ne7 16. exd5 exd5 17. Qe6+ Rf7 18. Rfe1 Na6 19. Bd6 Nc7 20. Bxe7 Nxe6 21.
Bxd8 Nxd8 22. Re8+ Rf8 23. Rde1 Kf7 24. R8e3 b5 25. a4 b4 26. Na2 Rc7 27. Nc1
Nb7 28. Nb3 Nd6 29. Nc5 Nf5 30. Rd3 Re8 31. Rxe8 Kxe8 32. Kf2 Kf7 33. g4 Nd6
34. b3 Nb7 35. Na6 Rc8 36. Ke3 Ra8 37. Nc5 Nxc5 38. dxc5 Re8+ 39. Kd2 Re7 40.
Re3 g5 41. Rxe7+ Kxe7 42. c3 bxc3+ 43. Kxc3 Kd7 44. Kd3 Ke7 45. Ke3 Kd7 46. Kd3
1/2-1/2

[Event "CTO DE ESPAÑA DE SELECCIONES AUTONÓMICAS"]
[Site "Hotel La Boroña, Gijón (Asturi"]
[Date "2011.05.01"]
[Round "5.4"]
[White "Laguardia Ortega, Moises"]
[Black "Astasio Lopez, David"]
[Result "0-1"]
[WhiteElo "2015"]
[BlackElo "2330"]
[PlyCount "66"]
[EventDate "2011.04.29"]

1. d4 d5 2. c4 c6 3. Nf3 Nf6 4. Qc2 e6 5. g3 Bd6 6. Bg2 Nbd7 7. O-O O-O 8. b3
dxc4 9. Qxc4 e5 10. dxe5 Nxe5 11. Qc2 Nxf3+ 12. Bxf3 Be5 13. Bb2 Bf5 14. Qc1
Bxb2 15. Qxb2 Be4 16. Bxe4 Nxe4 17. Na3 Re8 18. Rad1 Qc8 19. Nc4 Qh3 20. Qd4
Nf6 21. Ne3 Re4 22. Qd6 Rae8 23. Rd4 R4e6 24. Qb4 Ne4 25. Rxe4 Rxe4 26. Qxb7
R4e6 27. Qd7 Qh5 28. Rc1 Qxe2 29. Rxc6 Rxe3 30. fxe3 Qxe3+ 31. Kg2 Qe2+ 32. Kh3
Qh5+ 33. Kg2 Re2+ 0-1

[Event "CTO DE ESPAÑA DE SELECCIONES AUTONÓMICAS"]
[Site "Hotel La Boroña, Gijón (Asturi"]
[Date "2011.05.01"]
[Round "5.1"]
[White "Veganzones Rojo, David"]
[Black "Cacho Reigadas, Sergio"]
[Result "0-1"]
[WhiteElo "2072"]
[BlackElo "2518"]
[PlyCount "68"]
[EventDate "2011.04.29"]

1. d4 Nf6 2. c4 d6 3. Nf3 Nbd7 4. Nc3 e5 5. e4 g6 6. Be2 Bg7 7. O-O O-O 8. Qc2
c6 9. Rd1 Qe7 10. b3 exd4 11. Nxd4 Nc5 12. f3 a5 13. Bg5 h6 14. Bh4 Qc7 15. Qd2
Ne8 16. Rac1 f5 17. exf5 gxf5 18. Bf1 f4 19. Re1 Be5 20. Ne4 b6 21. Rcd1 Ng7
22. Bf2 Bb7 23. Bd3 Nxd3 24. Qxd3 Rad8 25. Nc3 Qf7 26. Na4 Qh5 27. Qe4 Rf7 28.
Qd3 c5 29. Nb5 Ne6 30. Nxb6 Rg7 31. Nd5 Kh8 32. Kh1 Rdg8 33. Rg1 Rg5 34. h4 Rg3
0-1

[Event "CTO DE ESPAÑA DE SELECCIONES AUTONÓMICAS"]
[Site "Hotel La Boroña, Gijón (Asturi"]
[Date "2011.05.01"]
[Round "5.2"]
[White "Bolado Saez, Sergio"]
[Black "De La Cruz Revilla, Miguel"]
[Result "1-0"]
[WhiteElo "2331"]
[BlackElo "1997"]
[PlyCount "103"]
[EventDate "2011.04.29"]

1. d4 Nf6 2. Nf3 d6 3. c4 g6 4. Nc3 Bg7 5. g3 O-O 6. Bg2 Nbd7 7. O-O e5 8. h3
c6 9. Qc2 Qe7 10. e4 exd4 11. Nxd4 Nc5 12. Re1 Nfd7 13. Be3 a5 14. b3 Rd8 15.
Rad1 Nf8 16. f4 Bd7 17. Bf2 Be8 18. g4 Qc7 19. Bh4 Rdb8 20. Qd2 Nfe6 21. Nde2
Bf8 22. f5 Ng7 23. Nf4 Nd7 24. Kh1 Qc8 25. Nd3 Ne5 26. Nxe5 dxe5 27. Bf6 Qc7
28. h4 Be7 29. Bxe7 Qxe7 30. Qf2 Qb4 31. Na4 Rd8 32. c5 Rab8 33. Qb2 Rd3 34.
Qxe5 Rbd8 35. Rc1 Qd4 36. Qxd4 R3xd4 37. Bf3 h5 38. gxh5 gxf5 39. Nc3 Kh7 40.
exf5 Rxh4+ 41. Kg1 Rf4 42. Rf1 Rd3 43. Be2 Rg3+ 44. Kh2 Rxf1 45. Bxf1 Nxf5 46.
Bh3 Rf3 47. Ne4 Kh6 48. Rd1 Ng7 49. Bg4 Rf4 50. Rd6+ f6 51. Nxf6 Kg5 52. h6 1-0

[Event "CTO DE ESPAÑA DE SELECCIONES AUTONÓMICAS"]
[Site "Hotel La Boroña, Gijón (Asturi"]
[Date "2011.05.01"]
[Round "5.3"]
[White "Cernuda Orejas, Victor Manuel"]
[Black "Martin Fuentes, Alberto"]
[Result "0-1"]
[WhiteElo "1931"]
[BlackElo "2307"]
[PlyCount "104"]
[EventDate "2011.04.29"]

1. Nf3 Nf6 2. g3 g6 3. Bg2 Bg7 4. O-O O-O 5. d4 c5 6. c3 Qc7 7. Bf4 d6 8. dxc5
Qxc5 9. Nbd2 Qb6 10. Qb3 Qa6 11. Rfe1 Nbd7 12. e4 Nc5 13. Qc2 Nd3 14. Red1 Nxf4
15. gxf4 Nh5 16. Bf1 Qa5 17. Nb3 Qa4 18. Nbd4 Qxc2 19. Nxc2 Nxf4 20. Ne3 Bd7
21. Nd5 Nxd5 22. exd5 Rfc8 23. Nd4 Rc5 24. Nb3 Rc7 25. Rd3 Bb5 26. Re3 Bxf1 27.
Kxf1 Bf6 28. Rd3 h5 29. Nd2 b5 30. a3 a5 31. f4 Rb8 32. Rb1 b4 33. cxb4 axb4
34. Rb3 Rcb7 35. a4 Ra7 36. Ra1 Ra5 37. Ne4 Bg7 38. Nc3 Rb6 39. Rb1 Bd4 40. Ne2
Bc5 41. f5 g5 42. Ng3 Bd4 43. Ne4 Rxd5 44. Nxg5 Rxf5+ 45. Nf3 e5 46. Ke2 Bc5
47. Nh4 Rf2+ 48. Kd3 d5 49. Re1 e4+ 50. Rxe4 dxe4+ 51. Kxe4 Re6+ 52. Kd5 Be7
0-1

[Event "CTO DE ESPAÑA DE SELECCIONES AUTONÓMICAS"]
[Site "Hotel La Boroña, Gijón (Asturi"]
[Date "2011.05.01"]
[Round "5.4"]
[White "Rodriguez Fontecha, Marcos"]
[Black "Galvan Prieto, Albano"]
[Result "1-0"]
[WhiteElo "2254"]
[BlackElo "1859"]
[PlyCount "49"]
[EventDate "2011.04.29"]

1. d4 e6 2. Nf3 d5 3. Bf4 Nf6 4. e3 c5 5. c3 Nc6 6. Nbd2 Bd6 7. Bg3 O-O 8. Bd3
cxd4 9. exd4 Qc7 10. O-O Nh5 11. Ng5 Nf6 12. Re1 h6 13. Ngf3 Nd7 14. Qe2 Re8
15. Ne5 Ndxe5 16. dxe5 Bc5 17. Nf3 Bd7 18. h4 d4 19. cxd4 Bb4 20. Qe4 Bxe1 21.
Qh7+ Kf8 22. h5 Ne7 23. Qh8+ Ng8 24. Bh4 g6 25. Bf6 1-0

[Event "CTO DE ESPAÑA DE SELECCIONES AUTONÓMICAS"]
[Site "Hotel La Boroña, Gijón (Asturi"]
[Date "2011.05.01"]
[Round "5.5"]
[White "Rodriguez Garcia, Carlos"]
[Black "Tejedor Fuentes, Enrique"]
[Result "0-1"]
[WhiteElo "1755"]
[BlackElo "2113"]
[PlyCount "150"]
[EventDate "2011.04.29"]

1. e4 c5 2. Nf3 e6 3. Nc3 a6 4. d4 cxd4 5. Nxd4 b5 6. Bd3 Bb7 7. O-O Qc7 8. Kh1
Nf6 9. a3 Nc6 10. Be3 Bd6 11. Nxc6 dxc6 12. f4 e5 13. Qf3 exf4 14. Bxf4 Be5 15.
Bxe5 Qxe5 16. Qf5 Qxf5 17. exf5 O-O-O 18. Ne4 Nxe4 19. Bxe4 Rhe8 20. Rfe1 Re5
21. f6 g6 22. Bf3 Rde8 23. Rf1 Kc7 24. Kg1 h5 25. Rad1 R8e6 26. g4 h4 27. Rd4
Rxf6 28. g5 Rff5 29. Rxh4 Rxg5+ 30. Kh1 Re3 31. Rh7 Rf5 32. Bg2 Rxf1+ 33. Bxf1
Rf3 34. Bd3 c5 35. Kg1 Kb6 36. Be2 Rf5 37. h4 Be4 38. c3 Rd5 39. Rxf7 Rd2 40.
Rf6+ Kb7 41. Bf3 Bxf3 42. Rxf3 Rxb2 43. Rf7+ Kb6 44. Rf6+ Ka5 45. Rxg6 Rb3 46.
Rg3 Rxa3 47. h5 Ra1+ 48. Kf2 Rd1 49. h6 Rd8 50. h7 Rh8 51. Rh3 Ka4 52. Ke2 Kb3
53. Kd2 Kb2 54. Kd3 Kb3 55. Rh5 c4+ 56. Kd4 Rd8+ 57. Kc5 Rh8 58. Kd4 b4 59.
cxb4 c3 60. b5 c2 61. Rc5 axb5 62. Rxb5+ Ka2 63. Rc5 Kb2 64. Rb5+ Kc1 65. Ke3
Rxh7 66. Ke2 Re7+ 67. Kf2 Re6 68. Rb7 Re5 69. Rb6 Kd2 70. Rd6+ Kc3 71. Rc6+ Kd3
72. Kf3 Rf5+ 73. Kg2 Rf4 74. Rd6+ Kc3 75. Kg3 Rc4 0-1

[Event "CTO DE ESPAÑA DE SELECCIONES AUTONÓMICAS"]
[Site "Hotel La Boroña, Gijón (Asturi"]
[Date "2011.05.01"]
[Round "5.6"]
[White "Martin Fuentes, Paula"]
[Black "Bastida Rodriguez, Ines"]
[Result "0-1"]
[WhiteElo "1473"]
[BlackElo "1585"]
[PlyCount "98"]
[EventDate "2011.04.29"]

1. e4 e5 2. Nf3 Nc6 3. d4 exd4 4. Bc4 Nf6 5. O-O d5 6. exd5 Nxd5 7. Nxd4 Nxd4
8. Qxd4 c6 9. Nd2 Be6 10. Nf3 Nc7 11. Bxe6 Nxe6 12. Qe4 Be7 13. Be3 O-O 14.
Rfd1 Qc7 15. Qe5 Qxe5 16. Nxe5 c5 17. c3 b6 18. f4 f5 19. Rd2 Bf6 20. Nd7 Rfd8
21. Nxf6+ gxf6 22. Rad1 Kf7 23. Kf2 Rxd2+ 24. Rxd2 Rd8 25. Rxd8 Nxd8 26. a4 Nc6
27. Ke2 c4 28. Kd2 Ke6 29. Kc2 Na5 30. Bd4 h6 31. g3 h5 32. h3 Nb3 33. Bf2 Kd5
34. Kd1 Ke4 35. Ke2 Nc1+ 36. Kd2 Nd3 37. Bd4 Nxb2 38. Bxf6 Nxa4 39. Ke2 Nc5 40.
Be5 a5 41. Bc7 a4 42. Kd2 b5 43. Bd6 Nb7 44. Be7 Kf3 45. Bh4 Nc5 46. Kc2 Ne4
47. Bg5 Nxg3 48. h4 Ne2 49. Kb2 Nxf4 0-1

[Event "CTO DE ESPAÑA DE SELECCIONES AUTONÓMICAS"]
[Site "Hotel La Boroña, Gijón (Asturi"]
[Date "2011.05.02"]
[Round "6.2"]
[White "Narciso Dublan, Marc"]
[Black "Anton Guijarro, David"]
[Result "1/2-1/2"]
[WhiteElo "2551"]
[BlackElo "2425"]
[PlyCount "191"]
[EventDate "2011.04.29"]

1. c4 e5 2. g3 Nc6 3. Nc3 Bc5 4. Bg2 a6 5. e3 d6 6. Nge2 Ba7 7. O-O h5 8. d4 h4
9. b4 hxg3 10. fxg3 Nf6 11. b5 axb5 12. Nxb5 Bh3 13. Bxh3 Rxh3 14. Nec3 Qd7 15.
Rb1 Bb6 16. Rb2 Ra5 17. Rd2 Ra6 18. c5 Ba5 19. cxd6 Bxc3 20. dxc7 Bxd2 21. Nd6+
Kf8 22. c8=Q+ Qxc8 23. Nxc8 Bxc1 24. Qxc1 Rxa2 25. Rf2 Rxf2 26. Kxf2 exd4 27.
Kg2 Rh5 28. exd4 Rd5 29. Qa3+ Kg8 30. Qa8 Rd8 31. Qxb7 Nxd4 32. Nd6 Rf8 33. h4
Ne6 34. Kh3 Nc5 35. Qe7 Nd3 36. Qe3 Nb4 37. h5 Nbd5 38. Qg5 Kh7 39. Nf5 Rg8 40.
Kh4 Ne4 41. Qc1 Ndf6 42. Qc7 Rf8 43. Qe7 Kg8 44. g4 Re8 45. Qa7 Kf8 46. Qa3+
Kg8 47. Ne7+ Kf8 48. Nc6+ Kg8 49. g5 Nh7 50. g6 Nhg5 51. Ne7+ Kh8 52. Qa4 Rf8
53. gxf7 Kh7 54. Qe8 Nf3+ 55. Kh3 Rxf7 56. Ng6 Kh6 57. Kg2 Nd6 58. Qe3+ Kxh5
59. Nf4+ Rxf4 60. Qxf4 Nh4+ 61. Kh3 Ndf5 62. Qg4+ Kh6 63. Qd1 Kg5 64. Qd8+ Kh5
65. Qd3 Kg5 66. Qe2 Ng6 67. Qg2+ Kf6 68. Qd2 Nh6 69. Qb2+ Kf7 70. Kg3 Kf8 71.
Kf3 Kf7 72. Ke4 Kf8 73. Kd5 Kf7 74. Kd6 Nf5+ 75. Kc7 Nf8 76. Qf2 Kf6 77. Kd8 g5
78. Qb6+ Ne6+ 79. Kd7 Nfd4 80. Qd6 g4 81. Qh2 Kf5 82. Kd6 Ke4 83. Qg2+ Kf4 84.
Kd5 Kf5 85. Qe4+ Kg5 86. Qe3+ Kh4 87. Qe4 Kg3 88. Qe1+ Kg2 89. Qd2+ Kf3 90.
Qd1+ Kf4 91. Qf1+ Kg3 92. Ke5 Kh2 93. Qf2+ Kh3 94. Qf1+ Kh2 95. Qf2+ Kh3 96.
Qf1+ 1/2-1/2

[Event "CTO DE ESPAÑA DE SELECCIONES AUTONÓMICAS"]
[Site "Hotel La Boroña, Gijón (Asturi"]
[Date "2011.05.02"]
[Round "6.3"]
[White "Candela Perez, Jose"]
[Black "Oms Pallisse, Josep"]
[Result "1/2-1/2"]
[WhiteElo "2399"]
[BlackElo "2520"]
[PlyCount "100"]
[EventDate "2011.04.29"]

1. d4 Nf6 2. c4 e6 3. Nf3 b6 4. Nc3 Bb7 5. Bg5 Be7 6. e3 h6 7. Bxf6 Bxf6 8. Bd3
O-O 9. O-O c5 10. Ne4 Be7 11. Bc2 cxd4 12. Nxd4 Nc6 13. Nxc6 Bxc6 14. Qd3 g6
15. Rad1 Qc7 16. Nd6 Bxd6 17. Qxd6 Qxd6 18. Rxd6 Rfc8 19. Rd2 a5 20. Rfd1 Kf8
21. f3 Ra7 22. Kf2 Ke7 23. b3 b5 24. cxb5 Bxb5 25. Bd3 Bc6 26. Rc2 Rb8 27. Rc3
g5 28. a3 f5 29. Bc2 Rb5 30. Bd3 Rb6 31. Bc2 Ra8 32. h4 Bd5 33. hxg5 hxg5 34.
Bxf5 Rxb3 35. Rxb3 Bxb3 36. Rb1 a4 37. Bd3 Rh8 38. Rc1 Kf6 39. Rc3 d5 40. Rc1
Ke5 41. Ke1 Kd6 42. Kd2 Rh2 43. Rg1 e5 44. Bc2 e4 45. fxe4 Bxc2 46. Kxc2 dxe4
47. Kc3 Kc5 48. Rf1 Rxg2 49. Rf5+ Kd6 50. Kd4 Ra2 1/2-1/2

[Event "CTO DE ESPAÑA DE SELECCIONES AUTONÓMICAS"]
[Site "Hotel La Boroña, Gijón (Asturi"]
[Date "2011.05.02"]
[Round "6.4"]
[White "Romero Holmes, Alfonso"]
[Black "Martinez Martin, David"]
[Result "1/2-1/2"]
[WhiteElo "2491"]
[BlackElo "2398"]
[PlyCount "130"]
[EventDate "2011.04.29"]

1. c4 Nf6 2. Nc3 g6 3. e4 d6 4. Nge2 Nc6 5. h3 Bg7 6. d4 e5 7. d5 Ne7 8. g4 h5
9. g5 Nd7 10. Be3 a6 11. Qd2 Rb8 12. Nc1 O-O 13. Nb3 f5 14. gxf6 Nxf6 15. O-O-O
b5 16. f3 b4 17. Ne2 a5 18. Nxa5 Ra8 19. Nb3 Nd7 20. Bg2 Ra4 21. Kb1 Ba6 22.
Qc2 Qa8 23. Nec1 Bc8 24. c5 Nf6 25. Bf1 Kh7 26. c6 Nfxd5 27. exd5 Rxf3 28. Bg5
Bf5 29. Bd3 Nxd5 30. Bxf5 Rxf5 31. Rhg1 e4 32. Rxd5 Rxd5 33. Qxe4 Re5 34. Qc2
Qe8 35. Bd2 Ra6 36. Nd4 Rd5 37. Re1 Re5 38. Rxe5 Bxe5 39. Qc4 Rb6 40. Bxb4 d5
41. Qc3 Bxd4 42. Qxd4 Qe4+ 43. Qxe4 dxe4 44. Bc3 Rxc6 45. Kc2 g5 46. Kd2 g4 47.
hxg4 h4 48. Ke3 h3 49. Kf2 h2 50. Kg2 Rh6 51. Kh1 e3 52. Ne2 Rh4 53. Be5 c5 54.
Bxh2 Rxg4 55. Bg3 Rc4 56. Nc3 Rd4 57. Kg2 Rd2+ 58. Kf3 Rxb2 59. Kxe3 Kg6 60.
Kd3 Kf7 61. Kc4 Ke6 62. Kxc5 Rc2 63. Kc4 Rxc3+ 64. Kxc3 Kd5 65. Kb4 Kc6 1/2-1/2

[Event "CTO DE ESPAÑA DE SELECCIONES AUTONÓMICAS"]
[Site "Hotel La Boroña, Gijón (Asturi"]
[Date "2011.05.02"]
[Round "6.5"]
[White "Gallardo Garcia, Andres"]
[Black "Colon Garcia, Enrique"]
[Result "0-1"]
[WhiteElo "2370"]
[BlackElo "2288"]
[PlyCount "104"]
[EventDate "2011.04.29"]

1. g3 Nf6 2. Bg2 d5 3. Nf3 c6 4. O-O Bg4 5. d3 Nbd7 6. Nbd2 e5 7. e4 dxe4 8.
dxe4 Bc5 9. h3 Bh5 10. Qe2 O-O 11. Rd1 Qc7 12. a4 a5 13. Nc4 Rfe8 14. Bg5 h6
15. Bd2 Bg6 16. Nh4 Bh7 17. g4 Nf8 18. Nf5 Ne6 19. Qe1 b6 20. Be3 Red8 21. Bxc5
Nxc5 22. b3 Ne6 23. Qc3 Nd7 24. Ncd6 Bxf5 25. Nxf5 Ndc5 26. h4 Nf4 27. Re1 Rd7
28. Bf1 Rad8 29. Bc4 Nce6 30. Qg3 Kh7 31. Kh2 Rd2 32. c3 b5 33. axb5 cxb5 34.
Bf1 Rc2 35. Rac1 Rdd2 36. Rxc2 Rxc2 37. c4 b4 38. Qe3 Qc5 39. Kg1 Rc3 40. Qxc5
Nxc5 41. Nd6 f6 42. Ra1 Nxb3 43. Ra2 Nd4 44. Nf5 Ra3 45. Rb2 Nfe6 46. c5 Nxc5
47. Bc4 Rc3 48. Bf7 Nxf5 49. exf5 b3 50. Rb1 a4 51. Rd1 Nd3 52. Kh2 a3 0-1

[Event "CTO DE ESPAÑA DE SELECCIONES AUTONÓMICAS"]
[Site "Hotel La Boroña, Gijón (Asturi"]
[Date "2011.05.02"]
[Round "6.6"]
[White "Clopes Llahi, Judit"]
[Black "Pascual Palomo, Lucia"]
[Result "0-1"]
[WhiteElo "2094"]
[BlackElo "2163"]
[PlyCount "86"]
[EventDate "2011.04.29"]

1. e4 e6 2. d4 d5 3. Nd2 dxe4 4. Nxe4 Nf6 5. Nxf6+ Qxf6 6. Nf3 h6 7. Bd3 a6 8.
O-O c5 9. Be3 Nd7 10. a4 Bd6 11. c3 cxd4 12. Nxd4 Nc5 13. Bc2 e5 14. Nf5 Bxf5
15. Bxf5 Rd8 16. Qg4 g6 17. Bc2 Ne6 18. Qe4 Qe7 19. a5 f5 20. Qc4 Kf7 21. Bb3
Kf6 22. Rfd1 g5 23. Bb6 Rc8 24. Qd5 Bc5 25. Bxc5 Rxc5 26. Qd6 Rc6 27. Qxe7+
Kxe7 28. Rd5 Kf6 29. Rad1 Rb8 30. Rd6 Rxd6 31. Rxd6 Re8 32. Rb6 e4 33. Bxe6
Rxe6 34. Rxb7 Ke5 35. Rb6 Re7 36. Rxa6 Rd7 37. Kf1 f4 38. Ke2 g4 39. Rg6 f3+
40. gxf3 gxf3+ 41. Ke1 Kd5 42. Rxh6 Kc4 43. Rg6 Kb3 0-1

[Event "CTO DE ESPAÑA DE SELECCIONES AUTONÓMICAS"]
[Site "Hotel La Boroña, Gijón (Asturi"]
[Date "2011.05.02"]
[Round "6.1"]
[White "Baron Rodriguez, Jesus"]
[Black "Herraiz Hidalgo, Herminio"]
[Result "1-0"]
[WhiteElo "2447"]
[BlackElo "2494"]
[PlyCount "39"]
[EventDate "2011.04.29"]

1. e4 c5 2. Nc3 g6 3. f4 Bg7 4. Nf3 Nc6 5. Bb5 Nd4 6. O-O Nxb5 7. Nxb5 d5 8. d3
Bd7 9. Nc3 Bxc3 10. bxc3 dxe4 11. Ne5 Be6 12. Be3 f6 13. f5 fxe5 14. fxe6 Qd5
15. Qb1 Rc8 16. c4 Qxe6 17. Qxb7 Nf6 18. Qxa7 Kf7 19. Bg5 Ra8 20. Rxf6+ 1-0

[Event "CTO DE ESPAÑA DE SELECCIONES AUTONÓMICAS"]
[Site "Hotel La Boroña, Gijón (Asturi"]
[Date "2011.05.02"]
[Round "6.2"]
[White "Espinosa Aranda, Angel"]
[Black "Garza Marco, Sergio"]
[Result "1-0"]
[WhiteElo "2399"]
[BlackElo "2434"]
[PlyCount "75"]
[EventDate "2011.04.29"]

1. e4 d6 2. d4 Nf6 3. Nc3 g6 4. Bg5 Bg7 5. f4 c6 6. Nf3 O-O 7. Bd3 b5 8. O-O b4
9. Ne2 d5 10. e5 Ne4 11. Bh4 c5 12. Qe1 Nc6 13. Rd1 Qb6 14. Kh1 Bf5 15. Ng3
Nxg3+ 16. Qxg3 Bxd3 17. cxd3 cxd4 18. f5 Qb8 19. Rde1 gxf5 20. Qh3 f6 21. exf6
exf6 22. Qxf5 Qd6 23. Bg3 Ne5 24. Nxd4 Rae8 25. Qh5 Qd7 26. Nf5 Ng6 27. h3 Kh8
28. d4 a5 29. Rc1 Rc8 30. Rxc8 Qxc8 31. Nxg7 Qc4 32. Re1 Kxg7 33. Bf4 Kg8 34.
Bh6 Rd8 35. Qf5 Rd6 36. Re6 Qc7 37. Qxf6 Rd8 38. h4 1-0

[Event "CTO DE ESPAÑA DE SELECCIONES AUTONÓMICAS"]
[Site "Hotel La Boroña, Gijón (Asturi"]
[Date "2011.05.02"]
[Round "6.4"]
[White "Jimenez Martinez, Jose Vicente"]
[Black "Ramiro Ovejero, Juan Luis"]
[Result "1-0"]
[WhiteElo "2273"]
[BlackElo "2350"]
[PlyCount "35"]
[EventDate "2011.04.29"]

1. d4 Nf6 2. c4 e5 3. dxe5 Ne4 4. a3 d6 5. Nf3 Nc6 6. Qd5 Bf5 7. Nbd2 Nc5 8.
exd6 Qf6 9. Qxc5 O-O-O 10. g4 Bg6 11. Bh3 Qe6 12. Qd5 Qd7 13. Ne4 Bxe4 14. Qxe4
g6 15. Bf4 h5 16. dxc7 Re8 17. Qxe8+ Qxe8 18. g5+ 1-0

[Event "CTO DE ESPAÑA DE SELECCIONES AUTONÓMICAS"]
[Site "Hotel La Boroña, Gijón (Asturi"]
[Date "2011.05.02"]
[Round "6.5"]
[White "Chueca Forcen, Alberto"]
[Black "Villasenor Rubio, Emilio Jose"]
[Result "1-0"]
[WhiteElo "2289"]
[BlackElo "2154"]
[PlyCount "73"]
[EventDate "2011.04.29"]

1. d4 Nf6 2. Bg5 e6 3. e4 h6 4. Bxf6 Qxf6 5. Nc3 Bb4 6. Qd2 c5 7. e5 Qd8 8.
dxc5 O-O 9. Bd3 f5 10. Nge2 Bxc5 11. f4 a6 12. O-O-O b5 13. Kb1 Bb7 14. Nc1 Qb6
15. Rhf1 Be3 16. Qe2 Bd4 17. g4 Bxc3 18. gxf5 exf5 19. bxc3 Nc6 20. Nb3 Ne7 21.
c4 Rac8 22. cxb5 Nd5 23. Bc4 Rxc4 24. Qxc4 axb5 25. Qc5 Qe6 26. Nd4 Qa6 27. Rd3
Ra8 28. a3 Rc8 29. Qxb5 Qa7 30. c4 Nb6 31. Nxf5 Be4 32. Ne7+ Kh7 33. Rfd1 Qxa3
34. c5 Ra8 35. cxb6 Qa1+ 36. Kc2 Bxd3+ 37. Qxd3+ 1-0

[Event "CTO DE ESPAÑA DE SELECCIONES AUTONÓMICAS"]
[Site "Hotel La Boroña, Gijón (Asturi"]
[Date "2011.05.02"]
[Round "6.6"]
[White "Martinez Gonzalez, M Asuncion"]
[Black "Garcia Vicente, Nieves"]
[Result "1/2-1/2"]
[WhiteElo "1955"]
[BlackElo "2220"]
[PlyCount "86"]
[EventDate "2011.04.29"]

1. d4 Nf6 2. Nf3 d5 3. c4 e6 4. Nc3 Bb4 5. Bg5 h6 6. Bxf6 Qxf6 7. e3 O-O 8. Bd3
c5 9. cxd5 exd5 10. O-O Bxc3 11. bxc3 c4 12. Bc2 Nc6 13. e4 Be6 14. Rb1 Rab8
15. Re1 b5 16. exd5 Bxd5 17. Ne5 Rfe8 18. Nxc6 Qxc6 19. a4 Bxg2 20. axb5 Qd5
21. Qg4 Bf3 22. Qf5 g6 23. Qxd5 Bxd5 24. Ba4 Re6 25. Rxe6 fxe6 26. Bc2 Kg7 27.
Kf1 Kf6 28. Ke2 Rb6 29. Ke3 g5 30. f3 Rb7 31. Be4 h5 32. h3 Rb6 33. Rb4 Rb8 34.
Bb1 Ke7 35. Bc2 Kd6 36. Bd1 Rf8 37. Be2 Kc7 38. Ra4 Kb7 39. Ra1 Kb6 40. Ra6+
Kb7 41. Ra1 Rf7 42. Ra6 Rf4 43. Ra1 Kb6 1/2-1/2